Tabela wszechczasów Ekstraklasy - Top 20 - Statystyki

Ogólne statystyki
  • Ten quiz został rozwiązany 50 razy
  • Średni wynik to 17 z 20
Statystyki odpowiedzi
Miejsce Odpowiedź % Poprawnych
2. Lech Poznań
100%
1. Legia Warszawa
100%
11. Cracovia
96%
6. Pogoń Szczecin
96%
3. Wisła Kraków
96%
5. Zagłębie Lubin
96%
12. Lechia Gdańsk
94%
8. Ruch Chorzów
94%
4. Górnik Zabrze
91%
13. ŁKS
91%
10. Jagiellonia
87%
9. Śląsk Wrocław
87%
7. Widzew Łódź
87%
16. Polonia Warszawa
85%
17. Piast Gliwice
83%
14. GKS Katowice
81%
19. Raków Częstochowa
72%
15. Korona Kielce
64%
18. Wisła Płock
55%
20. Odra Wodzisław Śląski
13%
Nie znaleziono quizów pasujących do podanych kryteriów
Rozkład punktacji
Procent ludzi z każdym wynikiem
Percentyl według liczby udzielonych odpowiedzi
Twoja historia wyników
Nie rozwiązałeś tego quizu